00693nam a2200217 a 4500008004100000020003200041040002500073041001300098044001100111080001500122100002500137245005400162250001300216260004800229300002800277490002300305700002800328958000600356999001700362952009600379951121s1986||||[C 0 slo c c33 Kčs. q(50000 výtl.) aSNKbslocSNKeAACR21 asloheng axocSK a820 (73)-31 aPhilip, K. Dick4aut10aTemný obrazcK. Dick Philip ; Ján Kamenistý a1., vyd. aBratislavabSmenac1986eBratislavafPravda a256 s., 15,92 AHc20 cm0 aLabyrintvZv. 122.1 aKamenistý, Ján4trl aA c10301d10301 001040708Ka10000b10000d2019-11-29g33.00i09693oB 3874r2019-11-29w2019-11-29yKLDO